000 00961cab a2200241 4500
001 WB3520-26
008 090401t1999 xxu||||| |||| 00| 0 eng d
035 _a(Sirsi) u93549
041 _aeng
245 _aTenant evicted despite paying rent arrears
260 _c1999
350 _a0
490 _aEstates Gazette
_v(9902) 22 May 1999, 151(1)
520 _aA persistent rent defaulter, who paid rent arrears on the day a claim for possession reached court, failed to prevent possession. The tenant argued that no proper notice had been served under the Landlord and Tenant Act 1987 s48, but it was held that a notice of service charges served at the time of the original tenancy agreement was sufficient.
650 _aLANDLORD AND TENANT ACT 1987 S48
650 _aNOTICES
650 _aPOSSESSION ORDERS
650 _aRENT ARREARS
650 _aSERVICE CHARGES
690 _aPROPERTY-LANDLORD AND TENANT
942 _n0
948 _c25/05/1999
999 _c59279
_d59279